LEADER 01159nam0-2200373---450- 001 990009726470403321 005 20130510131322.0 010 $a0444520937 035 $a000972647 035 $aFED01000972647 035 $a(Aleph)000972647FED01 035 $a000972647 100 $a20130510d2009----km-y0itay50------ba 101 0 $aeng 102 $aNL 105 $a--------001yy 200 1 $aEncyclopedia of electrochemical power sources$feditor-in-chief Jürgen Garche$gsection editors Chris Dyer ... [et al.] 210 $aAmsterdam$cElsevier$cAcademic Press$dc2009 215 $a5 v.$cill.$d29 cm 610 0 $aElettrochimica$aEnciclopedie 676 $a541.37 700 1$aGarche,$bJürgen$0520004 702 1$aDyer,$bChris K. 801 0$aIT$bUNINA$gRICA$2UNIMARC 901 $aBK 912 $a990009726470403321 952 $a13 SC III N 05$b16646$fFINBC 952 $a13 SC III N 06$b16647$fFINBC 952 $a13 SC III N 07$b16648$fFINBC 952 $a13 SC III N 08$b16649$fFINBC 952 $a13 SC III N 09$b16650$fFINBC 959 $aFINBC 996 $aEncyclopedia of electrochemical power sources$9841629 997 $aUNINA LEADER 00918nam a2200217 i 4500 001 991004414929207536 005 20260121114914.0 008 260121s1993 it r 001 0 ita 020 $a9788808000545 040 $aBibl. Dip.le Aggr. Scienze Giuridiche - Sez. Centro Studi sul Rischio$bita 082 04$a343 100 1 $aGalgano, Francesco$0267658 245 10$aDiritto commerciale e legislazione sociale :$bad uso delle quinte classi degli istituti tecnici per periti aziendali e corrispondenti in lingue estere /$cFrancesco Galgano ; con la collaborazione di Raffaele De Giorgi e Realino Marra 260 $aBologna :$bZanichelli,$c1993 300 $aVI, paginazione varia ;$c24 cm 650 4$aDiritto commerciale$xManuali scolastici 700 1 $aDe Giorgi, Raffaele 700 1 $aMarra, Realino 912 $a991004414929207536 996 $aDiritto commerciale e legislazione sociale$94527662 997 $aUNISALENTO